| 000 | 00409nam a2200145Ia 4500 | ||
|---|---|---|---|
| 005 | 20251222175933.0 | ||
| 008 | 251222s9999||||xx |||||||||||||| ||spa|| | ||
| 020 | _a9786124366246 | ||
| 082 | _a340/C28 | ||
| 100 | _aCarhustocto Sandoval, Henry | ||
| 245 | 0 | _aLos Principios Ambientales en un Estado Constitucional Democrático | |
| 250 | _a1ra. ed. | ||
| 264 | _bJurista Editores E. I. R. L. | ||
| 942 | _cLIB | ||
| 999 |
_c41087 _d41087 |
||